| 000 | 00371pab a2200145 454500 | ||
|---|---|---|---|
| 008 | 180718b2005 xxu||||| |||| 00| 0 eng d | ||
| 100 | _aJohnson, Richard R. | ||
| 245 | _aMinimum requirements for policy chiefs in the USA | ||
| 260 | _c2005 | ||
| 300 | _ap.103-18. | ||
| 650 | _aPolice - United States | ||
| 650 | _aPolice | ||
| 773 | _aPolice Journal | ||
| 909 | _a67721 | ||
| 999 |
_c67721 _d67721 |
||